LEADER 01029nam a2200229 i 4500 001 000000053571 003 CaOOAMICUS 005 20130204000000.0 008 130204s1893 xx u000 u lat u 013 $a24743 040 $aSeMil$bita 100 1 $aLualdi, Alessandro .$0(OLS)http://semarc/name/26465 245 10$aNotae summam institutionum canonicarum Iosephi C. Ferrari. Pars 1., De personis /$c[Alessandro Lualdi]. 260 $a[S.l. :$bs.n.],$c1893. 300 $a140 p. ;$c29 cm. 500 $aDispensa litografata. - Legato con 2H-V-64 FA. 650 4$aDiritto canonico - Studi.$0(OLS)http://semarc/subject/1680 700 1 $aFerrari, Giuseppe C. .$0(OLS)http://semarc/name/12832 850 $aSeMil 852 $aSeMil$W1$xVenegono$y1$m2H V 65 FA$j19725$B19725$CSeMilBibl$Z2$F19727 $8I 996 $6245$aNotae summam institutionum canonicarum Iosephi C. Ferrari. Pars 1., De personis$9(OLS)http://semarc/title/82559 996 $6260$a[S.l. :$bs.n.]$9(OLS)http://semarc/publisher/29751 LEADER 01152nam a2200241 i 4500 001 000000110964 003 CaOOAMICUS 005 20160920000000.0 008 160920s2000 it u000 u ita u 013 $a83645 040 $aSeMil$bita 100 1 $aAondio, Francesca.$0(OLS)http://semarc/name/46499 245 13$aUn prete un amico :$bbiografia di don Luigi Monza /$cTesti: Francesca Aondio ; Sceneggiatura: Maria Grazia Grambassi e Renzo Maggi ; Disegni: Renzo Maggi. 260 $a[S.l.] :$bLa Nostra Famiglia,$ccopyr. 2000. 300 $a67 p. :$bill. ;$c28 cm. 600 14$aMonza, Luigi .$0(OLS)http://semarc/subject/7178 700 1 $aMaggi, Renzo .$0(OLS)http://semarc/name/46501 700 1 $aGrambassi, Maria Grazia.$0(OLS)http://semarc/name/46500 850 $aSeMil 852 $aSeMil$W1$xVenegono$y1$m3H VI 46$j66811$B66811$CSeMilBibl$Z2$F73561 $81 961 $aOmaggio: Gallivanone don Franco 996 $6245$aUn prete un amico :$bbiografia di don Luigi Monza$9(OLS)http://semarc/title/161375 996 $6260$a[S.l.] :$bLa Nostra Famiglia$9(OLS)http://semarc/publisher/40920